مكتبة جامعة عجلون الوطنية

فهرس بحث المكتبة

Normal view MARC view
  • جرونلند،نورمان مؤلف/كاظم،أحمد خيري

Entry Personal Name

Number of records used in: 1

001 - CONTROL NUMBER

  • control field: 8300

003 - CONTROL NUMBER IDENTIFIER

  • control field: JO-AjAnu

005 - DATE AND TIME OF LATEST TRANSACTION

  • control field: 20230606071635.0

008 - FIXED-LENGTH DATA ELEMENTS

  • fixed length control field: 230606|| aca||aabn | a|a d

040 ## - CATALOGING SOURCE

  • Original cataloging agency: JO-AjAnu
  • Transcribing agency: JO-AjAnu

100 ## - HEADING--PERSONAL NAME

  • Personal name: جرونلند،نورمان مؤلف/كاظم،أحمد خيري

670 ## - SOURCE DATA FOUND

  • Source citation: Work cat.: (JO-AjAnu)4286: جرونلند،نورمان مؤلف/كاظم،أحمد خيري, author, الأهداف التعليمية،تحديدها السلوكي وتطبيقاته= Stating Behavioral Objectives For Classroom Instruction Arabic